| 000 | 01319cam a2200193 4500500 | ||
|---|---|---|---|
| 005 | 20260329023155.0 | ||
| 041 | _afre | ||
| 042 | _adc | ||
| 100 | 1 | 0 |
_aBoutang, Adrienne _eauthor |
| 700 | 1 | 0 |
_aClémot, Hugo _eauthor |
| 700 | 1 | 0 |
_aJullier, Laurent _eauthor |
| 700 | 1 | 0 |
_aLe Forestier, Laurent _eauthor |
| 700 | 1 | 0 |
_aMoine, Raphaëlle _eauthor |
| 700 | 1 | 0 |
_aVancheri, Luc _eauthor |
| 245 | 0 | 0 | _aL'analyse des films en pratique : 31 exemples d'analyse filmique commentés |
| 260 |
_bArmand Colin,
_c2018. |
||
| 520 | _aNon, il n’y a pas qu’une manière d’analyser les films... Parmi toutes celles qui ont les faveurs des cinéphiles, des critiques et des universitaires, en voici six, qui se répondent et se complètent : historienne, esthétique, culturelle, genrée, cognitive et philosophique. Leur point commun ? Nous faire comprendre comment les films font sens, nous captivent ou nous émeuvent.De la vue muette au blockbuster, des frères Dardenne à Intouchables en passant par toutes sortes de genres et d’époques, c’est plus d’un siècle de cinéma qui défile en 31 films à travers ces manières différentes d'analyser – donc d’aimer – le cinéma. | ||
| 856 | 4 | 1 | _uhttps://shs.cairn.info/l-analyse-des-films-en-pratique--9782200620394?lang=fr&redirect-ssocas=7080 |
| 999 |
_c1925249 _d1925249 |
||